| 000 | 01500nam a22003610a 4500 | ||
|---|---|---|---|
| 001 | PT20137 | ||
| 003 | AR-LpoUNG | ||
| 005 | 20210131232912.0 | ||
| 008 | 191001s1994||||ag |||||||||||||||||spa d | ||
| 020 |
_a9502527189 _c$6.66 |
||
| 040 |
_aAR-LpoUNG _bspa _cAR-LpoUNG _eaacr |
||
| 041 | _aspa | ||
| 044 | _aag | ||
| 082 | 0 | _a982.024 532cri | |
| 100 | 1 | _aChiaramonte, José Carlos | |
| 245 | 1 | 3 |
_aLa crítica ilustrada de la realidad : _beconomía y sociedad en el pensamiento argentino e iberoamericano del siglo XVIII |
| 250 | _a1ra. ed. | ||
| 260 |
_aBuenos Aires : _bCentro Editor de América Latina, _c1994. |
||
| 300 |
_a178 p. : _btbls., gráfs. |
||
| 520 | _a<p>Los ensayos aqui reunidos repasan algunos aspectos del pensamiento de la Ilustración, tanto en su dimensión rioplatense como continental. En el mundo iberoamericano la vigencia del pensamiento ilustrado perdurará hasta las primeras décadas del xix e integrara el bagaje de ideas de los procesos de la Independencia. Aquí se estudia cuán innovador fue realmente el movimiento respecto a la cultura intelectual precedente y cuál fue su peso en la ruptura del orden colonial.</p> | ||
| 650 | 4 | _aAMERICA LATINA | |
| 650 | 4 | _aANALISIS HISTORICO | |
| 650 | 4 | _aARGENTINA | |
| 650 | 4 | _aHISTORIA | |
| 650 | 4 | _aHISTORIA SOCIAL | |
| 650 | 4 | _aINDEPENDENCIA | |
| 650 | 4 | _aPENSAMIENTO ECONOMICO | |
| 651 | 4 | _aAmérica Latina | |
| 653 | _aILUSTRACION | ||
| 653 | _aMAES | ||
| 905 | _a20137 | ||
| 942 | _cLSALA | ||
| 999 |
_c18095 _d18095 |
||